| 000 | 00773cam a2200253 4500 | ||
|---|---|---|---|
| 001 | 10046 | ||
| 003 | BD-RjUL | ||
| 005 | 20211208234902.0 | ||
| 008 | 191205s1966e e a b 001 0 eng d | ||
| 035 | _a(BD-RjUL) 10093 | ||
| 040 |
_aDLC _cDLC _dDLC _d(BD-RjUL) _beng |
||
| 041 | _aeng | ||
| 082 | 0 | 0 |
_a821.1 _bKEF 1966 _223 |
| 100 | 1 |
_aKer, W.P. _931005 |
|
| 245 | 1 | 0 |
_aForm and style in poetry : lectures and notes / _cW P Ker edited by R.W. Chambers ; with an introduction by John Buxton |
| 260 |
_aLondon : _bMacmillan, _c1966 |
||
| 300 |
_axx, 384 pages : _bill. ; _c21 cm. : |
||
| 504 | _aIncludes bibliographies. | ||
| 650 |
_aEnglish poetry _9236016 |
||
| 700 |
_aChambers, R.W. _9236018 |
||
| 942 |
_2ddc _cBK |
||
| 999 |
_c10046 _d10046 |
||